000 01205nac a22003377a 4500
001 BR8100311
003 BR-BrBNA
005 20240105114903.0
008 230509b bl.|||m| |||| 00| 0 por d
040 _aBR-BrBNA
_bpor
_cBiblioteca Nacional de Agricultura
072 _aF00; L30
090 _a1930 BR8100311
100 1 _aCosta, A.L. da
100 1 _aBrito, P.F.A.
100 1 _aLuz, E.A.T. da
100 1 _aValentim, J.F.
110 1 _aUnidade de Execucao de Pesquisa de Ambito Estadual de Rio Branco, AC (Brasil)
_910376
245 1 _aIntroducao e avaliacao de gramineas forrageiras no Estado do Acre [Nutricao animal; Bovino; Brasil]
246 1 _a[Introduction and evaluation of forage grasses in the state of Acre [Animal nutrition; Bovine; Brazil]]
260 3 _aRio Branco, AC (Brasil):
_c1980.
300 _a6 p.
490 _aComunicado Tecnico - Unidade de Execucao de Pesquisa de Ambito Estadual de Rio Branco (Brazil)
_vno. 14
_x
650 _aProducao vegetal
650 _aNutricao vegetal
650 _aGraminea forrageira
650 _aBovino
650 _aPastejo
650 _aAcre
909 _a202312
_bLúcia Elande
_c55
_dLúcia Elande
942 _2AGRIS
_n0
_cMS
999 _c271865
_d271865